| 000 | 00412nam a22001577a 4500 | ||
|---|---|---|---|
| 020 | _a9788131518571 | ||
| 082 |
_a658 _bHOU/FU |
||
| 100 |
_aBrigham Eugene F _aHouston, Joel F _9116 |
||
| 245 | _aFundamentals of Financial Management | ||
| 250 | _a12 | ||
| 260 |
_aNew Delhi _bCengage Learning _c2012 |
||
| 300 | _a674 | ||
| 650 |
_aFinancial Management _9117 |
||
| 700 |
_aHouston, Joel F _9118 |
||
| 942 | _cBK | ||
| 999 |
_c14111 _d14111 |
||